|
|
|
|
| LEADER |
00764pam a22002418a 4500 |
| 001 |
00024038 |
| 005 |
20171026081023.0 |
| 008 |
110711s[kxd ||||||Viesd |
| 041 |
0 |
# |
|a Vie
|
| 082 |
1 |
4 |
|a 572
|b B103GI
|
| 100 |
0 |
# |
|a Đỗ Quý Hai
|
| 245 |
0 |
0 |
|a Bài giảng Enzyme học
|c Đỗ Quý Hai
|
| 260 |
# |
# |
|a Huế
|b ĐH Huế
|c [kxd]
|
| 300 |
# |
# |
|a 116 tr.
|c 27 cm.
|
| 650 |
# |
4 |
|a Hóa sinh học
|
| 653 |
# |
# |
|a Enzyme
|
| 852 |
# |
# |
|b Kho giáo trình
|j KGT.0009826, KGT.0009827, KGT.0009828, KGT.0009829
|
| 852 |
# |
# |
|b Kho mượn
|j KGT.0009826
|
| 852 |
# |
# |
|j KGT.0009827
|j KGT.0009828
|j KGT.0009826
|j KGT.0009829
|
| 910 |
0 |
# |
|d 11/07/2011
|
| 980 |
# |
# |
|a Trung tâm Học liệu Lê Vũ Hùng, Trường Đại học Đồng Tháp
|